| 000 | 00853nam a2200301Ia 4500 | ||
|---|---|---|---|
| 003 | GCL | ||
| 008 | 140319s9999 xx 000 0 ara d | ||
| 040 |
_aGCL / _cGCL |
||
| 082 | 0 | 4 |
_aد _b050 _bو م |
| 100 | 1 | _aوزارة الاعلام | |
| 245 | 1 | 0 |
_aمصر حقائق وارقام 1992 - 1993 / _cوزارة الاعلام |
| 260 |
_a[S.N] : _bالوطن العربى للنشر و التوزيع ، _c1993 |
||
| 300 | _a244 ص | ||
| 490 |
_aافاق العصر _v0 |
||
| 650 | 0 | 4 | _aمصر |
| 650 | 0 | 4 | _aتاريخ |
| 650 | 0 | 4 | _aالاقتصاد |
| 650 | 0 | 4 | _aالتعليم |
| 650 | 0 | 4 | _aالزراعة |
| 650 | 0 | 4 | _aالسياسة |
| 650 | 0 | 4 | _aالثقافة |
| 650 | 0 | 4 | _aالاجتماع |
| 650 | 0 | 4 | _aالجغرافيا |
| 650 | 0 | 4 | _aالسكان |
| 650 | 0 | 4 | _aالشباب |
| 650 | 0 | 4 | _aالاعلام |
| 942 |
_2ddc _cCF |
||
| 999 |
_c27466 _d27466 |
||